000 00701nam a2200253Ia 4500
003 OSt
005 20221005133002.0
006 a|||||r|||| 00| 0
007 ta
008 221004b |||||||| |||| 00| 0 eng d
024 _a50500
037 _cTextual
040 _aCRL
_cCRL
_beng
041 _2eng
_aeng
082 _aQ1:2:P15k, E2.1-.2
100 _aMacdonell Arthur Anthony
245 0 _aVedic index of names and subjects
260 _c1912
490 _aIndian texts series; 1
650 _aRELIGION
700 _a Keith Arthur Berriedale
942 _hQ1:2:P15k, E2.1-.2
_cTEXL
_2cc
999 _c1065380
_d1065380